000
00317nam a2200133Ia 4500
008
240624s9999 xx 000 0 und d
041
_a
eng
082
_a
006.3 RYZ
100
_a
RYZA SANDY
245
_a
ADVANCED ANALYTICS WITH SPARK
260
_c
2016
_a
Mumbai
_b
O'Reilly
300
_a
260 p.; 28 cm.
365
_c
RS
999
_c
29339
_d
29339